Government and allocation of resources to science

Zapisane w:
Opis bibliograficzny
Format: Książka
Język:Undetermined
Wydane: Paris Orgaisation for Economic Co-operation and Development 1975
Hasła przedmiotowe:
Etykiety: Dodaj etykietę
Nie ma etykietki, Dołącz pierwszą etykiete!
Thư viện lưu trữ: Trung tâm Học liệu Trường Đại học Cần Thơ
LEADER 00488nam a2200157Ia 4500
001 CTU_78570
008 210402s9999 xx 000 0 und d
082 |a 338.9 
082 |b G721 
245 0 |a Government and allocation of resources to science 
245 0 |c H. Books ... [et al.] 
260 |a Paris 
260 |b Orgaisation for Economic Co-operation and Development 
260 |c 1975 
650 |a Science and state,Economics 
980 |a Trung tâm Học liệu Trường Đại học Cần Thơ